000 00987nam a2200265 a 4500
001 000035255
005 20260129095557.0
008 111026s1956 ag 000 0 spa d
040 _aDO-SdBNP
_bspa
_cBNPHU
082 _a155.23
_bK71f
100 1 _aKünkel, Fritz,
_d1889-
_961010
240 1 0 _aHow character develops
_lEspañol
245 1 3 _aLa formación del carácter. /
_cFritz Künkel y Roy E. Dickerson ; traducción de Izquierdo Hernández y Delia Carnelli.
260 _aBuenos Aires :
_bPaidos,
_c1956.
300 _a299 p. ;
_c18 cm.
490 1 _aBiblioteca del hombre contemporáneo
_v4
500 _aTraducido del inglés
590 _aPerteneció a la biblioteca personal de Juan Isidro Jimenes Grullón
650 4 _aCarácter
_97510
650 0 _aPersonalidad
_9395
700 1 2 _aIzquierdo, Hernández,
_etr.
_961011
700 1 2 _aCarnelli, Delia,
_etr.
_961012
830 0 _aBiblioteca del hombre contemporáneo
_951036
910 _aValidado. Control de calidad MFF
999 _c34746
_d34746